| 000 | 01203nam a2200277Ia 4500 | ||
|---|---|---|---|
| 003 | PE SENCICO BE | ||
| 005 | 20251020182429.0 | ||
| 008 | 200515s9999 xx 000 0 und d | ||
| 020 | _a84-9725-340-X | ||
| 040 |
_aPE SENCICO BE _cPE SENCICO BE |
||
| 041 | _aspa | ||
| 082 |
_a363.11 _bI35 |
||
| 100 | 1 |
_aIglesias Martínez, Virtudes _92493 _eautor |
|
| 245 | 1 | 0 |
_aFormación en prevención de riesgos laborales / _cVirtudes Iglesias Martínez, Teresa Ena Ventura |
| 250 | _a1a ed. | ||
| 260 |
_aMadrid : _bLa Ley ; _c2002 |
||
| 300 |
_a120 p. : _btbl., graf.; _c22 cm. |
||
| 490 | _aBiblioteca de prevención de riesgos laborales ; Área de gestión de la prevención | ||
| 504 | _aBibliografía: p. 121. | ||
| 505 | 0 | _aLa obligación de formación en prevención de riesgos en la empresa -- El proceso de elaboración del plan de formación en la empresa -- El diseño de las acciones formativas -- Evaluación del plan de formación -- Programas específicos de formación -- Reseña normativa | |
| 650 | 1 | 0 |
_aRiesgos laborales _9610 |
| 650 | 2 | 0 |
_aGestión de riesgos _9888 |
| 650 | 2 | 0 |
_aPrevención de accidentes _9100 |
| 700 | 1 |
_92494 _aEna Ventura, Teresa _eautor |
|
| 942 |
_cLIB _2ddc |
||
| 999 |
_c200 _d200 |
||